| 000 | 01024nam a22003137a 4500 | ||
|---|---|---|---|
| 001 | BR7375515 | ||
| 003 | BR-BrBNA | ||
| 005 | 20230928084426.0 | ||
| 007 | ta | ||
| 008 | 230509b bl.||||| |||| 00| 0 por d | ||
| 040 |
_aBR-BrBNA _bpor _cBiblioteca Nacional de Agricultura |
||
| 041 | _a(Por) | ||
| 072 |
_aE10; E50 _b/G514 |
||
| 090 | _ E10 BR7375515 | ||
| 100 | 1 | _aJunqueira, A.B. | |
| 100 | 1 | _aMoreira, M.A. de A. | |
| 100 | 1 | _aMoreira, R.J. | |
| 100 | 1 | _aTamaki, T. | |
| 110 | 1 |
_aFaculdade de Medicina Veterinaria e Agronomia "Prof. Antonio Ruete" de Jaboticabal, SP (Brasil) _94505 |
|
| 245 | 1 | _aAspectos socio-economicos da divisao regional agricola de Ribeirao Preto [Sao Paulo; Brasil] | |
| 260 | 3 |
_aJaboticabal, SP (Brasil): _c1971. |
|
| 300 | _a83 p. | ||
| 500 | _a(*) Documento disponível no(a) Instituto de Economia Agricola, Sao Paulo, SP (Brazil) | ||
| 650 | _aECONOMIA AGRICOLA | ||
| 650 | _aRIBEIRAO PRETO | ||
| 650 | _aSAO PAULO | ||
| 909 |
_a202309 _bLucia _c55 _dLucia Elande |
||
| 942 | _cBK | ||
| 999 |
_c18876 _d18876 |
||